Villes de l'Aude (11) - Mort subite - Statistiques

Statistiques générales
  • Ce quiz a été pris 153 fois
  • Le résultat moyen est 9 sur 20
Answers on the Grid
Answers color-coded by a green-red scale on the quiz's grid according to % correct below.
Carcassonne
Narbonne
Castelnaudary
Limoux
Trèbes
Lézignan-Corbières
Bram
Quillan
Belpech
Axat
Belcaire
Leucate
Sigean
Port-la-Nouvelle
Gruissan
Cucugnan
Cuxac-d'Aude
Lagrasse
Durban-Corbières
Villemoustaussou
Mazamet
Pamiers
Béziers
Tautavel
Torreilles
Salses-le-Château
Mirepoix
Revel
Sérignan
Valras-Plage
 
Statistiques - réponses
Réponse % Correct
Carcassonne
72%
Limoux
67%
Narbonne
62%
Castelnaudary
59%
Port-la-Nouvelle
59%
Gruissan
58%
Cuxac-d'Aude
49%
Leucate
49%
Quillan
48%
Sigean
48%
Lézignan-Corbières
46%
Trèbes
43%
Bram
41%
Villemoustaussou
41%
Durban-Corbières
36%
Lagrasse
30%
Axat
29%
Cucugnan
25%
Belpech
20%
Belcaire
19%
Aucun quiz correspondant
Distribution des résultats
% des personnes avec chaque résultat
Percentile par nombre de réponses
Votre historique - résultats
Vous n’avez pas pris ce quiz